All OCE FNCS WINNERS - Statistics

General Stats
  • This quiz has been taken 24 times
    23 since last reset
  • The average score is 25 of 53
Answer Stats
Hint Answer % Correct
Ch 3 Season 3 Alex
100%
Ch 5 Season 1 Alex
100%
Ch 6 Season 2 Alex
100%
Ch6 Season 3 Alex
100%
Ch 4 Season 1 Anon
90%
Ch 4 Season 2 Anon
90%
Ch 6 Season 2 Anon
90%
Ch6 Season 3 Anon
90%
All Star Showdown Volx
85%
Ch 3 Season 2 Volx
85%
Ch 2 Season 5 Looter
80%
Ch 2 Season 6 Looter
80%
Ch 3 Season 2 Looter
80%
Ch 2 Season 4 Worthy
80%
Ch 5 Season 1 Worthy
80%
Ch 6 Season 2 Resignz
70%
Ch6 Season 3 Resignz
70%
Ch 2 Season 2 Jynx
55%
Ch 2 Season 3 Jynx
55%
Ch 2 Season 4 Jynx
55%
Ch 2 Season 5 Muz
50%
Ch 2 Season 6 Muz
50%
Ch 3 Season 3 Baily
45%
Ch 5 Season 2 Danath
40%
Ch 6 Season 1 Danath
40%
Ch 6 Season 1 Mace
40%
Ch 5 Season 2 Tinka
40%
Ch 2 Season 7 Vortex
40%
Ch 5 Season 3 Aspect
35%
Ch 5 Season 3 Cazi
35%
Ch 2 Season 7 Jace
35%
Ch 3 Season 1 Jace
35%
Ch 4 Season 3 Jace
35%
Ch 2 Season 2 Kquid
35%
Ch 2 Season 7 Suns
35%
Ch 4 Season 1 Suns
35%
Ch 4 Season 2 Suns
35%
Ch 2 Season 4 Alecc
30%
Ch 6 Season 1 Skits
30%
Ch 2 Season 5 Speedy
30%
Ch 2 Season 6 Speedy
30%
Ch 3 Season 1 Basil
15%
Ch 4 Season 3 Forbes
15%
Ch 2 Season 8 Fab
10%
Ch 2 Season 8 Keemo
10%
Ch 2 Season 8 Spiker
10%
Ch 1 Season 10 Hillo
5%
Ch 1 Season 10 Ganchin
0%
Ch 2 Season 1 Mev
0%
Ch 1 Season 10 Minko
0%
Ch 2 Season 1 Nomfu
0%
Ch 2 Season 1 Pancake
0%
Ch 2 Season 1 Sane
0%
No matching quizzes found
Score Distribution
Percent of People with Each Score
Percentile by Number Answered
Your Score History
You have not taken this quiz since the last reset